| 000 | 00431nam a22001695i 4500 | ||
|---|---|---|---|
| 999 |
_c14264 _d14264 |
||
| 003 | OSt | ||
| 005 | 20260314144631.0 | ||
| 008 | 230418s2024 mau 000 0 eng | ||
| 020 |
_a9783035627008 _q(hardcover) |
||
| 042 | _apcc | ||
| 100 | 1 |
_aPope, Albert, _eauthor. |
|
| 245 | 1 | 0 |
_aInverse Utopia : _brecovering the legacy of modern urbanism / _cAlbert Pope. |
| 250 | _a1. | ||
| 263 | _a2404 | ||
| 300 | _apages cm | ||
| 942 | _2ddc | ||